<?xml version="1.0" encoding="UTF-8"?>
<record
    xmlns:xsi="http://www.w3.org/2001/XMLSchema-instance"
    xsi:schemaLocation="http://www.loc.gov/MARC21/slim http://www.loc.gov/standards/marcxml/schema/MARC21slim.xsd"
    xmlns="http://www.loc.gov/MARC21/slim">

  <leader>02101nam a2200337 i 4500</leader>
  <controlfield tag="003">DO-SdBPM</controlfield>
  <controlfield tag="005">20251016143201.0</controlfield>
  <controlfield tag="007">ta</controlfield>
  <controlfield tag="008">250520b2024    dr ||| 00| 0 spa d</controlfield>
  <datafield tag="020" ind1=" " ind2=" ">
    <subfield code="a">9789945510850</subfield>
  </datafield>
  <datafield tag="040" ind1=" " ind2=" ">
    <subfield code="a">DO-SdBPM</subfield>
    <subfield code="b">spa</subfield>
    <subfield code="c">BPMSU</subfield>
    <subfield code="e">rda</subfield>
    <subfield code="d"> </subfield>
  </datafield>
  <datafield tag="082" ind1=" " ind2="4">
    <subfield code="a"> RD863.08</subfield>
    <subfield code="b">T856n 2024</subfield>
    <subfield code="2">22</subfield>
  </datafield>
  <datafield tag="245" ind1="0" ind2="0">
    <subfield code="a">Tr&#xF3;pico nevado :</subfield>
    <subfield code="b">cuentistas dominicanos en Estados Unidos /</subfield>
    <subfield code="c">selecci&#xF3;n y pr&#xF3;logo Jos&#xE9; Acosta ; correcci&#xF3;n Mar&#xED;a del Carmen Vicente</subfield>
  </datafield>
  <datafield tag="250" ind1=" " ind2=" ">
    <subfield code="a">Primera edici&#xF3;n</subfield>
  </datafield>
  <datafield tag="264" ind1=" " ind2="4">
    <subfield code="a">Santo Domingo :</subfield>
    <subfield code="b">Ministerio de Cultura;</subfield>
    <subfield code="b">Editora Nacional,</subfield>
    <subfield code="c">&#xA9;2024.</subfield>
  </datafield>
  <datafield tag="300" ind1=" " ind2=" ">
    <subfield code="a">236 p&#xE1;ginas ;</subfield>
    <subfield code="c">23 cm.</subfield>
  </datafield>
  <datafield tag="336" ind1=" " ind2=" ">
    <subfield code="a">texto</subfield>
    <subfield code="b">txt</subfield>
    <subfield code="2">rdacontent</subfield>
  </datafield>
  <datafield tag="337" ind1=" " ind2=" ">
    <subfield code="a">sin mediaci&#xF3;n</subfield>
    <subfield code="b">n</subfield>
    <subfield code="2">rdamedia</subfield>
  </datafield>
  <datafield tag="338" ind1=" " ind2=" ">
    <subfield code="a">volumen</subfield>
    <subfield code="b">nc</subfield>
    <subfield code="2">rdacarrier</subfield>
  </datafield>
  <datafield tag="505" ind1="0" ind2=" ">
    <subfield code="a">Presentaci&#xF3;n 9 -- Pr&#xF3;logo 13 -- El jaguar 19 -- Juego de mu&#xF1;ecas 23 -- Invis paradise 25 -- Siempre odie los gatos 37 -- El otro amigo 41 --  El &#xE1;rabe 47 --  El deportado 53 -- La pesadilla de Porfirio Mota 61 -- El retorno de Franz 81 -- Desarme infantil 87 --  Mongo no muere, aunque se ahogue el r&#xED;o 93 --  Nova Terra 99 -- El muchacho que se ahogaba en el yaque --  Jos&#xE9; Minaya Pe&#xF1;a 103 --  Ser&#xE1;s para m&#xED; 109 --  Como tra&#xED;das por la lluvia 123 -- Una mujer sin sombrero 129 -- Ante todo umbral 133 --  Terapia 137 --  Falsas ilusiones 149 --  El clamor de la sangre 155 --  Seis pulgadas de nieve 163 -- Cosas que no se olvidan 175 --  Las campanas duermen a las diez de la noche 179 -- Par&#xE1;bola de un transfuga 191 -- Un funeral digno 195 --  Un hombre bueno 207 -- Tiempos dif&#xED;ciles 211 -- Datos biogr&#xE1;ficos de los autores 223</subfield>
  </datafield>
  <datafield tag="590" ind1=" " ind2=" ">
    <subfield code="a">Inventariado, 2025/VM</subfield>
  </datafield>
  <datafield tag="650" ind1=" " ind2="7">
    <subfield code="a">Literatura dominicana</subfield>
    <subfield code="x">Historia y cr&#xED;tica </subfield>
  </datafield>
  <datafield tag="650" ind1=" " ind2="7">
    <subfield code="a">Cuentos dominicanos </subfield>
    <subfield code="v">Colecciones </subfield>
  </datafield>
  <datafield tag="650" ind1=" " ind2="7">
    <subfield code="a">Di&#xE1;spora dominicana en literatura</subfield>
  </datafield>
  <datafield tag="650" ind1=" " ind2="7">
    <subfield code="a">Autores dominicanos </subfield>
    <subfield code="v">Biograf&#xED;as</subfield>
  </datafield>
  <datafield tag="651" ind1=" " ind2="7">
    <subfield code="a">Rep&#xFA;blica dominicana </subfield>
    <subfield code="x">Emigraci&#xF3;n e Inmigraci&#xF3;n </subfield>
    <subfield code="z">Estados Unidos </subfield>
  </datafield>
  <datafield tag="700" ind1="1" ind2=" ">
    <subfield code="a">Acosta, Jos&#xE9;,</subfield>
    <subfield code="e">prologuista</subfield>
    <subfield code="4">pr.</subfield>
  </datafield>
  <datafield tag="700" ind1="1" ind2=" ">
    <subfield code="a">Vicente, Mar&#xED;a del Carmen,</subfield>
    <subfield code="e">corrector</subfield>
    <subfield code="4">corr.</subfield>
  </datafield>
  <datafield tag="910" ind1=" " ind2=" ">
    <subfield code="a">VMateo V. Control de calidad. BPMSU </subfield>
  </datafield>
  <datafield tag="942" ind1=" " ind2=" ">
    <subfield code="2">ddc</subfield>
    <subfield code="c">BK</subfield>
  </datafield>
  <datafield tag="952" ind1=" " ind2=" ">
    <subfield code="0">0</subfield>
    <subfield code="1">0</subfield>
    <subfield code="2">ddc</subfield>
    <subfield code="7">0</subfield>
    <subfield code="8">CD</subfield>
    <subfield code="a">BPMET</subfield>
    <subfield code="b">BPMET</subfield>
    <subfield code="d">2025-10-16</subfield>
    <subfield code="e">Direcci&#xF3;n General del Libro </subfield>
    <subfield code="l">0</subfield>
    <subfield code="o">BPMSU CD  RD863.08 T856n 2024</subfield>
    <subfield code="p">BPMSU25100066</subfield>
    <subfield code="r">2025-10-16</subfield>
    <subfield code="w">2025-10-16</subfield>
    <subfield code="y">BK</subfield>
  </datafield>
  <datafield tag="999" ind1=" " ind2=" ">
    <subfield code="c">15457</subfield>
    <subfield code="d">15457</subfield>
  </datafield>
</record>
